000 01545nam1a2200277 i 4500
001 RU\NLR\bibl\1199691
005 20260405125937.0
035 _a(NLR Aleph) 001186199
090 _a1688498
_c1688498
100 _a20080312g20079999u y0rusy50 ca
101 0 _arus
102 _aRU
105 _a||||z |||||
200 1 _aМетоды расчета многоцелевых гусеничных и колесных машин (расчет элементов силовой передачи)
_eучебное пособие
_fВ.В. Павлов
_gМоск. автомоб.-дор. ин-т (гос. техн. ун-т)
210 _aМосква
_cМосковский автомобильно-дорожный институт (государственный технический университет)
_d2007
215 _d21
463 0 _10011173696
606 1 _aГусеничные машины
_jУчебные издания для высших учебных заведений
_xРасчет
_92362446
_3RU\NLR\auth\661410638
606 1 _aКолесные машины
_jУчебные издания для высших учебных заведений
_xПроектирование
_92149293
_3RU\NLR\auth\661294517
686 _aО12-02я73-1
700 1 _4070
_8rus
_7ca
_aПавлов
_bВ. В.
_cканд. техн. наук
_f1946-
_gВладимир Викторович
_3RU\NLR\auth\7751164
_934098
801 0 _aRU
_bNLR
_c20080312
_gRCR
801 1 _aRU
_bNLR
_c20080312
852 _aNLR
_j2008-4/61
942 _cBOOK